00659nam a2200241 a 4500001001300000003000900013005001700022008004100039020001000080082001300090100001500103245004400118260002000162300000900182500003500191505003100226650002400257700001500281902000800296942000700304952009300311999001300404nice12345678IN_TiNIC20260116011309.0050524s1889 leba grp 000 0 ara  ac10000a242bHAF aHafrkaan,  aAl-Makhdaat Al-Leenah Li Naom Ar-Raahat aLebanonbc1889 a174p aincludes index and biblioraphy2 aNotes, Bibliography, Index aDevotions-Christian1 aHafrkaan,  bSRS cBK 00104070aHMIbHMId2008-04-15g100.00l0o242 HAFp3827r2008-04-15w2026-01-16yARB c274d274